000 00853nam a2200229Ii 4500
003 JO-AjNU
008 230605s9999||||xx |||||||||||||| ||und||
017 _a4248/11/2012
020 _a978-9957-92-022-7
040 _aJO-AjNU
_bara
_erda
_cJO-AjNU
041 _aara
050 1 4 _aDS735.S94.2013
100 3 _aتأليف: سلطان، طارق فتحي,
_eauthor
_960136
245 0 0 _aتاريخ الصين والشرق القديم=The History of China &Ancient East
250 _aالطبعة الاولى
264 3 1 _aعمان: دار الفكر ناشرون وموزعون، 2013
300 _a303ص
_b ويحتوي على قائمة مراجع من ص299ص- 303ص
336 _atext
_btxt
_2rdacontent
337 _aunmediated
_bn
_2rdamedia
338 _avolume
_bnc
_2rdacarrier
650 4 _a الصين القديم - تاريخ
_960137
999 _aA27101
_c30669
_d30669